|
|
|
|
| LEADER |
00724nta a2200205 i 4500 |
| 001 |
dipl125345 |
| 005 |
20220525090925.0 |
| 008 |
220524s2021 hu om 0|| hun d |
| 040 |
|
|
|a SZTE Diploma Repozitórium
|b hun
|
| 041 |
|
|
|a hun
|
| 100 |
1 |
|
|a Kovács Gábor
|
| 245 |
1 |
0 |
|a Deák Ferenc - A politikus és a magánszemély
|h [elektronikus dokumentum] /
|c Gábor Kovács
|
| 246 |
1 |
0 |
|a Deák Ferenc - The politician and the person
|h [elektronikus dokumentum]
|
| 260 |
|
|
|c 2021
|
| 650 |
|
4 |
|a Bölcsészettudományok
|
| 650 |
|
4 |
|a Humanities
|
| 650 |
|
4 |
|a History and archaeology
|
| 650 |
|
4 |
|a History
|
| 700 |
1 |
|
|a Deák Ágnes
|e ths
|
| 856 |
4 |
0 |
|u http://diploma.bibl.u-szeged.hu/id/eprint/125345/2/2021_kovacs_gabor.pdf
|z Dokumentum-elérés
|